| 000 | 00481nam a22001337a 4500 | ||
|---|---|---|---|
| 008 | 140130b xxu||||| |||| 00| 0 eng d | ||
| 050 | _aBX2350.2.D575 | ||
| 100 |
_aDobson E. Theodore _97371 |
||
| 245 |
_aHow to Pray for Spiritual Growth _bA practical handbook of inner healing _cTheodore E. Dobson |
||
| 260 |
_aNew York _bPaulist Press _c1982 |
||
| 300 |
_avi, 216p. ; _c21cm. |
||
| 650 |
_aSpiritual life-Catholic church _xpeople _xspiritual healing _97372 |
||
| 942 |
_2lcc _cMONOGRAPH |
||
| 999 |
_c119785 _d119785 |
||